<?xml version="1.0" encoding="UTF-8"?><?xml-stylesheet type="text/xsl" href="static/style.xsl"?><OAI-PMH xmlns="http://www.openarchives.org/OAI/2.0/" xmlns:xsi="http://www.w3.org/2001/XMLSchema-instance" xsi:schemaLocation="http://www.openarchives.org/OAI/2.0/ http://www.openarchives.org/OAI/2.0/OAI-PMH.xsd"><responseDate>2026-04-17T03:33:31Z</responseDate><request verb="GetRecord" identifier="oai:www.recercat.cat:2445/185588" metadataPrefix="marc">https://recercat.cat/oai/request</request><GetRecord><record><header><identifier>oai:recercat.cat:2445/185588</identifier><datestamp>2025-12-05T16:55:37Z</datestamp><setSpec>com_2072_1057</setSpec><setSpec>col_2072_478823</setSpec><setSpec>col_2072_478917</setSpec></header><metadata><record xmlns="http://www.loc.gov/MARC21/slim" xmlns:dcterms="http://purl.org/dc/terms/" xmlns:xsi="http://www.w3.org/2001/XMLSchema-instance" xmlns:doc="http://www.lyncode.com/xoai" xsi:schemaLocation="http://www.loc.gov/MARC21/slim http://www.loc.gov/standards/marcxml/schema/MARC21slim.xsd">
   <leader>00925njm 22002777a 4500</leader>
   <datafield ind2=" " ind1=" " tag="042">
      <subfield code="a">dc</subfield>
   </datafield>
   <datafield ind2=" " ind1=" " tag="720">
      <subfield code="a">Graugés Pous, Eugeni</subfield>
      <subfield code="e">author</subfield>
   </datafield>
   <datafield ind2=" " ind1=" " tag="720">
      <subfield code="a">LHCb Collaboration</subfield>
      <subfield code="e">author</subfield>
   </datafield>
   <datafield ind2=" " ind1=" " tag="260">
      <subfield code="c">2022-05-16T14:17:00Z</subfield>
   </datafield>
   <datafield ind2=" " ind1=" " tag="260">
      <subfield code="c">2022-05-16T14:17:00Z</subfield>
   </datafield>
   <datafield ind2=" " ind1=" " tag="260">
      <subfield code="c">2013-08</subfield>
   </datafield>
   <datafield ind2=" " ind1=" " tag="260">
      <subfield code="c">2022-05-16T14:17:00Z</subfield>
   </datafield>
   <datafield ind2=" " ind1=" " tag="520">
      <subfield code="a">The LHCb experiment [1] at CERN's Large Hadron Collider (LHC) is focused on the study of b-quark hadrons to perform precision measurements of CP violating observables and rare decays that could unravel possible contributions from new physics (NP) beyond the Standard Model (SM). At the LHC proton-proton (pp) collision energies, charmed mesons and tau leptons are also copiously produced (at the level of b-hadrons or higher), and therefore, the corresponding equivalent observables can also be studied. These proceedings concentrate on key measurements of rare decays, while the measurements on CP violation observables are described on separate proceedings contribution [2]. The LHCb detector, described elsewhere [1], has been performing extremely well in the first LHC runs. With around 99% of operational readout channels and approximately a 95% of data taking efficiency, the LHCb experiment has been able to fully exploit the provided luminosity delivered by the LHC accelerator. The measurements presented here, unless mentioned otherwise, have been performed using the data set, corresponding to an integrated luminosity of 1.0 fb−1 of pp collisions collected at a centre-of-mass energy of 7 TeV during 2011. Roughly an additional 2 fb−1 of data at a centre-of-mass energy of 8 TeV have been collected during 2012 and, therefore, some of the analyses here presented might reach an increased sensitivity, once the entire data set is analysed.</subfield>
   </datafield>
   <datafield tag="653" ind2=" " ind1=" ">
      <subfield code="a">Hadrons</subfield>
   </datafield>
   <datafield tag="653" ind2=" " ind1=" ">
      <subfield code="a">Gran Col·lisionador d'Hadrons</subfield>
   </datafield>
   <datafield tag="653" ind2=" " ind1=" ">
      <subfield code="a">Física de partícules</subfield>
   </datafield>
   <datafield tag="653" ind2=" " ind1=" ">
      <subfield code="a">Experiments</subfield>
   </datafield>
   <datafield tag="653" ind2=" " ind1=" ">
      <subfield code="a">Hadrons</subfield>
   </datafield>
   <datafield tag="653" ind2=" " ind1=" ">
      <subfield code="a">Large Hadron Collider (France and Switzerland)</subfield>
   </datafield>
   <datafield tag="653" ind2=" " ind1=" ">
      <subfield code="a">Particle physics</subfield>
   </datafield>
   <datafield tag="653" ind2=" " ind1=" ">
      <subfield code="a">Experiments</subfield>
   </datafield>
   <datafield ind2="0" ind1="0" tag="245">
      <subfield code="a">Testing the Standard Model with rare decays at the LHCb</subfield>
   </datafield>
</record></metadata></record></GetRecord></OAI-PMH>